000 00706nam a2200229Ii 4500
003 JO-AjNU
008 230605s9999||||xx |||||||||||||| ||und||
017 _a1999/2/202
020 _a9957-00-051-9
040 _aJO-AjNU
_bara
_erda
_cJO-AjNU
041 _aara
050 1 4 _aHD30.28.K42.1999
100 3 _aخميس،موسى يوسف,
_eauthor
_933224
245 0 0 _aمدخل الى التخطيط
250 _aط1 العربية
264 3 1 _aعمان:دار الشروق للنشر والتوزيع،1999
300 _a271ص
336 _atext
_btxt
_2rdacontent
337 _aunmediated
_bn
_2rdamedia
338 _avolume
_bnc
_2rdacarrier
650 4 _aالتخطيط الاجتماعي
_933225
999 _aA13500
_c17068
_d17068